000 00296nam a2200121Ia 4500
008 240731s9999 xx 000 0 und d
022 _a1521-0472
245 0 _aEducational Gerontology
260 _bRoutledge
856 _uhttps://www.tandfonline.com/loi/uedg20
942 _2ddc
942 _cTFEJ
999 _c76370
_d76370
945 _a1
_bMadushi Gamage
_c1
_dMadushi Gamage